ბათუმის შოთა რუსთაველის სახელმწიფო უნივერსიტეტის ბიბლიოთეკა

Банковское право. (ბიბ.ჩანაწერი № 35935)

000 -LEADER
fixed length control field 00621nam a2200205Ia 4500
001 - CONTROL NUMBER
control field 1833
003 - CONTROL NUMBER IDENTIFIER
control field GE_BSU
008 - FIXED-LENGTH DATA ELEMENTS--GENERAL INFORMATION
fixed length control field 181216s||||||||xx |||||||||||||| ||und||
020 ## - INTERNATIONAL STANDARD BOOK NUMBER
International Standard Book Number 9786054330645
040 ## - CATALOGING SOURCE
Transcribing agency GE_BSU
080 ## - UNIVERSAL DECIMAL CLASSIFICATION NUMBER
Universal Decimal Classification number 611(560)+612(560)
100 ## - MAIN ENTRY--PERSONAL NAME
Personal name Алексеева, Д.Г; Пыхтин,С.В; Хоменко, Е.Г;;.
245 ## - TITLE STATEMENT
Title Банковское право.
245 ## - TITLE STATEMENT
Remainder of title 3-ье изд.перер. и доп Учебное пособие для студ. вузов.
260 ## - PUBLICATION, DISTRIBUTION, ETC.
Date of publication, distribution, etc. 2011
300 ## - PHYSICAL DESCRIPTION
Extent 223 с.19 cm.
653 ## - INDEX TERM--UNCONTROLLED
Uncontrolled term Банковское право.
942 ## - ADDED ENTRY ELEMENTS (KOHA)
Koha item type წიგნი

არაა ხელმისაწვდომი ეგზემპლარები.